[Event "GRE-chT 50th"]
[Site "Nikaia"]
[Date "2023.08.29"]
[Round "6.4"]
[White "Mihailidis, Anastasios"]
[Black "Koukas, Anastasios"]
[Result "1-0"]
[WhiteElo "2202"]
[BlackElo "1987"]
[PlyCount "129"]
[EventDate "2023.08.25"]
[EventType "team"]
[EventRounds "9"]
[EventCountry "GRE"]
[SourceTitle "EXT 2024"]
[Source "ChessBase"]
[SourceDate "2023.10.10"]
[SourceVersion "1"]
[SourceVersionDate "2023.10.10"]
[SourceQuality "1"]
[WhiteTeam "Peristeriou PS"]
[BlackTeam "Irakleiou Attikis"]
[WhiteTeamCountry "GRE"]
[BlackTeamCountry "GRE"]

1. e4 e5 2. d4 exd4 3. Qxd4 Nc6 4. Qd3 Nf6 5. Nc3 Bc5 6. Bf4 0-0 7. 0-0-0 Bxf2 8. e5 Ne8 9. Nf3 d6 10. Ng5 g6 11. h4 Bf5 12. Qf3 Bd4 13. g4 dxe5 14. gxf5 exf4 15. fxg6 hxg6 16. Bc4 Qf6 17. Nd5 Bxb2+ 18. Kb1 Qg7 19. h5 Nd6 20. Bb3 Nb5 21. a4 Ba1 22. c3 Nxc3+ 23. Nxc3 Qxc3 24. Qxc3 Bxc3 25. hxg6 Kg7 26. gxf7 Kg6 27. Nh7 Bd4 28. Rd2 f3 29. Nxf8+ Rxf8 30. Bd5 Bc5 31. Bxf3 Kxf7 32. Rh7+ Ke6 33. Bxc6 bxc6 34. Rxc7 Bb6 35. Rxc6+ Ke7 36. Rc1 Rf4 37. Re1+ Kf6 38. Ra2 Rb4+ 39. Kc2 Rf4 40. Kd3 Rd4+ 41. Kc3 Rd5 42. Kb3 Rf5 43. Rae2 Rf4 44. Re4 Rf2 45. Kc4 Rf5 46. Re6+ Kf7 47. Re7+ Kf8 48. R1e5 Rf4+ 49. Re4 Rf5 50. R7e5 Rf2 51. Kb5 Kf7 52. a5 Rb2+ 53. Ka6 Ra2 54. Rf4+ Kg6 55. Rff5 Bd4 56. Rb5 Be3 57. Rf3 Bd4 58. Rb8 Kg7 59. Rb4 Rd2 60. Kb7 Rd1 61. a6 Kg6 62. Rxd4 Rxd4 63. Kxa7 Rd7+ 64. Kb8 Rd8+ 65. Kc7 1-0

[Event "Athens Papanastasio op 12th"]
[Site "Athens"]
[Date "2022.09.14"]
[Round "3"]
[White "Mourtos, Adrianos"]
[Black "Koukas, Anastasios"]
[Result "1/2-1/2"]
[WhiteElo "1374"]
[BlackElo "2038"]
[PlyCount "81"]
[EventDate "2022.09.12"]
[EventType "swiss"]
[EventRounds "7"]
[EventCountry "GRE"]
[SourceTitle "EXT 2023"]
[Source "ChessBase"]
[SourceDate "2022.10.05"]
[SourceVersion "1"]
[SourceVersionDate "2022.10.05"]
[SourceQuality "1"]

1. e4 e5 2. Nf3 Nc6 3. Bc4 Bc5 4. 0-0 Nf6 5. d3 h6 6. Nc3 d6 7. h3 0-0 8. Be3 Bb6 9. Qd2 Nh7 10. Rad1 Na5 11. b4 Nxc4 12. dxc4 Be6 13. Nd5 Bxe3 14. Nxe3 Kh8 15. c3 Qf6 16. Kh1 Qg6 17. Qd3 Qh5 18. Nh2 Ng5 19. f4 exf4 20. Rxf4 Nh7 21. Nf5 Bxf5 22. exf5 Rae8 23. Nf3 g5 24. Qd4+ f6 25. Re4 b6 26. Rde1 Qf7 27. Qd5 Kg7 28. Nd4 Qxd5 29. cxd5 Rxe4 30. Rxe4 Kf7 31. Ne6 Rc8 32. Rc4 Nf8 33. Rxc7+ Rxc7 34. Nxc7 Ke7 35. Kg1 Nd7 36. Kf2 Ne5 37. Ke3 a5 38. Na8 Nd7 39. Nc7 Ne5 40. Kd4 a4 41. Ne6 1/2-1/2

[Event "GRE-chT 49th"]
[Site "Thessaloniki"]
[Date "2022.08.16"]
[Round "6.7"]
[White "Koukas, Anastasios"]
[Black "Georgiev, Biser"]
[Result "0-1"]
[WhiteElo "2063"]
[BlackElo "2232"]
[PlyCount "120"]
[EventDate "2022.08.12"]
[EventType "team-swiss"]
[EventRounds "7"]
[EventCountry "GRE"]
[SourceTitle "CBM 209 Extra"]
[Source "ChessBase"]
[SourceDate "2022.09.30"]
[SourceVersion "1"]
[SourceVersionDate "2022.09.30"]
[SourceQuality "1"]
[WhiteTeam "Erakleioe Attikes"]
[BlackTeam "Chania Kethon"]
[WhiteTeamCountry "GRE"]
[BlackTeamCountry "GRE"]

1. e4 c5 2. c3 d5 3. exd5 Qxd5 4. d4 e6 5. Nf3 Nf6 6. Na3 a6 7. Nc4 Nbd7 8. h3 cxd4 9. Qxd4 Bc5 10. Qxd5 Nxd5 11. Be2 b5 12. Nce5 N7b6 13. 0-0 Bb7 14. Re1 0-0 15. Bd2 Rfe8 16. Rad1 f6 17. Nd3 Bf8 18. Nd4 e5 19. Nb3 Rac8 20. Bg4 Rc7 21. Nf4 Nxf4 22. Bxf4 Nc4 23. Bc1 g6 24. Rd7 Rxd7 25. Bxd7 Rd8 26. Rd1 Kg7 27. Bg4 Rxd1+ 28. Bxd1 Bd5 29. Na1 f5 30. b3 Nd6 31. Be2 Kf6 32. Ba3 Be7 33. Nc2 Ne4 34. Bxe7+ Kxe7 35. c4 Nc3 36. Bd3 e4 37. Bf1 bxc4 38. bxc4 Bb7 39. a3 a5 40. Nd4 Nb1 41. a4 Nc3 42. Nb3 Nxa4 43. Nxa5 Nc5 44. Nxb7 Nxb7 45. Kh2 Kd6 46. Kg3 Ke5 47. Kh4 h6 48. Be2 Nc5 49. Kg3 Kd4 50. h4 Nd3 51. f3 f4+ 52. Kg4 Ke3 53. Kh3 Kxe2 54. fxe4 Nf2+ 55. Kh2 Nxe4 56. Kh3 Ke3 57. h5 Nf2+ 58. Kh2 g5 59. c5 Ng4+ 60. Kh3 Ne5 0-1

[Event "GRE-chT 49th"]
[Site "Thessaloniki"]
[Date "2022.08.13"]
[Round "2.10"]
[White "Koukas, Anastasios"]
[Black "Vagiakos, Fotios"]
[Result "1-0"]
[WhiteElo "2063"]
[BlackElo "1276"]
[PlyCount "47"]
[EventDate "2022.08.12"]
[EventType "team-swiss"]
[EventRounds "7"]
[EventCountry "GRE"]
[SourceTitle "CBM 209 Extra"]
[Source "ChessBase"]
[SourceDate "2022.09.30"]
[SourceVersion "1"]
[SourceVersionDate "2022.09.30"]
[SourceQuality "1"]
[WhiteTeam "Erakleioe Attikes"]
[BlackTeam "Livatheias"]
[WhiteTeamCountry "GRE"]
[BlackTeamCountry "GRE"]

1. e4 c5 2. c3 Nf6 3. e5 Nd5 4. Nf3 d6 5. d4 cxd4 6. cxd4 Nc6 7. Bc4 Nb6 8. Bb5 dxe5 9. Nxe5 Bd7 10. Nxd7 Qxd7 11. 0-0 e6 12. Nc3 Be7 13. Qg4 0-0 14. Bxc6 bxc6 15. Bh6 Bf6 16. Rad1 Rfd8 17. Ne4 Qe7 18. Qg3 g6 19. Nxf6+ Qxf6 20. Bg5 Qf5 21. Bxd8 Rxd8 22. Qc7 Rd7 23. Qxc6 Qf4 24. Qc3 1-0

[Event "Cattolica Primavera op"]
[Site "Cattolica"]
[Date "2022.03.19"]
[Round "6"]
[White "Koukas, Anastasios"]
[Black "Koellner, Ruben Gideon"]
[Result "0-1"]
[WhiteElo "2040"]
[BlackElo "2454"]
[PlyCount "104"]
[EventDate "2022.03.16"]
[EventType "swiss"]
[EventRounds "9"]
[EventCountry "ITA"]
[SourceTitle "CBM 207 Extra"]
[Source "ChessBase"]
[SourceDate "2022.05.31"]
[SourceVersion "1"]
[SourceVersionDate "2022.05.31"]
[SourceQuality "1"]

1. e4 d6 2. d4 Nf6 3. Nc3 Nbd7 4. Nf3 e5 5. Bc4 Be7 6. a4 0-0 7. 0-0 exd4 8. Qxd4 Nc5 9. h3 a5 10. Re1 h6 11. Bf4 Ne6 12. Bxe6 fxe6 13. e5 Nh5 14. Bh2 d5 15. Qg4 Qe8 16. Nb5 Bd8 17. Ra3 Kh7 18. Nfd4 g6 19. Rf3 Ng7 20. Rxf8 Qxf8 21. Qf4 Qxf4 22. Bxf4 Bd7 23. g4 Ne8 24. Nc3 c6 25. Bd2 Bb6 26. Nb3 c5 27. Ra1 Bc6 28. Ne2 d4 29. c3 Bd5 30. Nbc1 g5 31. Ra3 Rd8 32. Kh2 d3 33. Ng3 c4 34. b3 Bxf2 35. bxc4 Bxc4 36. Ne4 Bb6 37. Nb3 Rd5 38. Nf6+ Nxf6 39. exf6 Re5 40. Nc1 Be3 41. Nxd3 Bxd3 42. c4 Bxd2 43. Rxd3 Bf4+ 44. Kg2 Kg6 45. f7 Kxf7 46. Rd7+ Kf6 47. Rxb7 Re2+ 48. Kf3 Re3+ 49. Kf2 Ra3 50. Rh7 Rxh3 51. c5 Rc3 52. Rxh6+ Ke5 0-1

[Event "FIDE World Uni Rapid-F 1st"]
[Site "Tornelo INT"]
[Date "2021.03.20"]
[Round "2"]
[White "Vokhidov, Shamsiddin"]
[Black "Koukas, Anastasios"]
[Result "1-0"]
[WhiteElo "2529"]
[BlackElo "1933"]
[PlyCount "87"]
[EventDate "2021.03.20"]
[EventType "swiss (rapid)"]
[EventRounds "12"]
[EventCountry "NET"]
[SourceTitle "EXT 2022"]
[Source "ChessBase"]
[SourceDate "2021.10.06"]
[SourceVersion "1"]
[SourceVersionDate "2021.10.06"]
[SourceQuality "1"]

1. e4 e5 2. Nf3 Nf6 3. Nc3 Bb4 4. Nxe5 0-0 5. Nd3 Bxc3 6. dxc3 Nxe4 7. Be2 d5 8. Nf4 c6 9. 0-0 Bf5 10. Be3 Nd7 11. c4 dxc4 12. Bxc4 Nb6 13. Bb3 Qxd1 14. Rfxd1 Rfd8 15. a4 Nd7 16. Nd3 b6 17. Nb4 Rac8 18. a5 Nec5 19. Bc4 Ne5 20. Rxd8+ Rxd8 21. Be2 Ne6 22. f4 c5 23. axb6 axb6 24. fxe5 cxb4 25. Bxb6 Rc8 26. Bd3 Bxd3 27. cxd3 h6 28. d4 Rc2 29. d5 Nf4 30. d6 Rxg2+ 31. Kh1 Rxb2 32. d7 Ne6 33. Rd1 Kh7 34. Rd6 Rb1+ 35. Kg2 Nf4+ 36. Kg3 Nh5+ 37. Kf3 Rb3+ 38. Be3 g5 39. d8Q g4+ 40. Kxg4 Rxe3 41. Kxh5 Rxe5+ 42. Kg4 Rg5+ 43. Kf4 Rg7 44. Qf6 1-0

[Event "FIDE World Uni Blitz-A 1st"]
[Site "Tornelo INT"]
[Date "2021.03.13"]
[Round "10.28"]
[White "Koukas, Anastasios"]
[Black "Tsaknakis, Zisis"]
[Result "0-1"]
[WhiteElo "1933"]
[BlackElo "2236"]
[PlyCount "88"]
[EventDate "2021.03.13"]
[EventType "swiss (blitz)"]
[EventRounds "10"]
[EventCountry "NET"]
[SourceTitle "EXT 2022"]
[Source "ChessBase"]
[SourceDate "2021.10.06"]
[SourceVersion "1"]
[SourceVersionDate "2021.10.06"]
[SourceQuality "1"]

1. e4 c5 2. c3 d6 3. d4 Nf6 4. Bd3 Nc6 5. Nf3 g6 6. Be3 cxd4 7. cxd4 Bg7 8. h3 0-0 9. 0-0 e5 10. dxe5 dxe5 11. Bc2 Be6 12. Qxd8 Rfxd8 13. a3 Nd4 14. Bxd4 exd4 15. Bd3 Nd7 16. b4 a5 17. Nbd2 axb4 18. axb4 Nb6 19. Rxa8 Rxa8 20. Rc1 Ra3 21. Bc4 Nxc4 22. Nxc4 Rc3 23. Rxc3 dxc3 24. Ne3 Bb3 25. Ne1 Bf8 26. N3c2 Bh6 27. Nd4 Bc4 28. Nec2 Bd2 29. f3 Kf8 30. Kf2 Ke7 31. Ne3 Bd3 32. Nec2 Kd6 33. h4 h6 34. Kg3 Ke5 35. Kf2 h5 36. g3 f6 37. Kg1 Be3+ 38. Nxe3 Kxd4 39. Kf2 c2 40. Nxc2+ Bxc2 41. b5 b6 42. Ke2 Bd3+ 43. Kd2 Bxb5 44. g4 Bd7 0-1

[Event "Petroupoli Dias CM 4th"]
[Site "Petroupoli"]
[Date "2020.02.20"]
[Round "6"]
[White "Tzortzis, Dimitrios"]
[Black "Koukas, Anastasios"]
[Result "1/2-1/2"]
[WhiteElo "2043"]
[BlackElo "1936"]
[PlyCount "117"]
[EventDate "2020.01.16"]
[EventType "tourn"]
[EventRounds "9"]
[EventCountry "GRE"]
[SourceTitle "EXT 2021"]
[Source "ChessBase"]
[SourceDate "2020.10.23"]
[SourceVersion "1"]
[SourceVersionDate "2020.10.23"]
[SourceQuality "1"]

1. d4 Nf6 2. c4 e6 3. Nc3 Bb4 4. Qc2 Nc6 5. Nf3 0-0 6. Bd2 Re8 7. a3 Bxc3 8. Bxc3 d6 9. e3 e5 10. dxe5 dxe5 11. Be2 Qe7 12. h3 b6 13. 0-0 a5 14. b3 Bb7 15. Bb2 Rad8 16. Rfd1 h6 17. Rxd8 Rxd8 18. Rd1 Rxd1+ 19. Qxd1 Nd7 20. Qd5 Nf6 21. Qd1 Nd7 22. Qc2 Nc5 23. Nd2 Qd6 24. Bc3 Nd7 25. Qd3 Qxd3 26. Bxd3 f6 27. b4 axb4 28. axb4 Ne7 29. f3 c5 30. Nb3 Nc6 31. bxc5 Nxc5 32. Nxc5 bxc5 33. Be4 Nd8 34. Bd5+ Kf8 35. Ba5 Bxd5 36. cxd5 Nb7 37. Be1 Ke7 38. g4 e4 39. Kf2 Nd6 40. h4 g6 41. fxe4 Nxe4+ 42. Kf3 f5 43. h5 Kf6 44. hxg6 Kxg6 45. Kf4 Nd6 46. gxf5+ Nxf5 47. e4 Nd4 48. e5 Kf7 49. Bf2 h5 50. Bh4 c4 51. Ke4 Nb5 52. Bg5 Ke8 53. d6 Kd7 54. Kd5 Nxd6 55. exd6 c3 56. Bf4 c2 57. Kd4 h4 58. Kd3 c1Q 59. Bxc1 1/2-1/2

[Event "Ambelokipi op 146th"]
[Site "Athens"]
[Date "2014.07.08"]
[Round "6"]
[White "Delithanasis, Dimitrios"]
[Black "Koukas, Anastasios"]
[Result "1-0"]
[WhiteElo "2191"]
[BlackElo "1621"]
[PlyCount "120"]
[EventDate "2014.06.30"]
[EventType "swiss"]
[EventRounds "7"]
[EventCountry "GRE"]
[SourceTitle "EXT 2016"]
[Source "ChessBase"]
[SourceDate "2015.10.08"]
[SourceVersion "1"]
[SourceVersionDate "2015.10.08"]
[SourceQuality "1"]

1. d4 Nf6 2. c4 e5 3. dxe5 Ng4 4. Bf4 Nc6 5. Nf3 Bb4+ 6. Nbd2 Qe7 7. e3 Ngxe5 8. Nxe5 Nxe5 9. Be2 0-0 10. 0-0 Ng6 11. Bg3 Bd6 12. Bxd6 Qxd6 13. Qc2 Ne5 14. Rad1 Qg6 15. e4 d6 16. Qc3 f5 17. f3 b6 18. f4 Nd7 19. Bf3 Rb8 20. exf5 Qxf5 21. Bd5+ Kh8 22. Ne4 Nf6 23. Ng5 Nxd5 24. cxd5 h6 25. Qxc7 Bd7 26. Qxd6 Rbd8 27. Ne6 Bxe6 28. Qxe6 Qc2 29. Qe5 Rf6 30. Qc3 Qa4 31. f5 Qxa2 32. Qe5 Qc4 33. Rf4 Qc5+ 34. Rfd4 Qc8 35. g4 Qc5 36. Kg2 Rfd6 37. h4 Qc2+ 38. R1d2 Qc7 39. g5 hxg5 40. hxg5 Rf8 41. Qh2+ Kg8 42. g6 Rxf5 43. Qh7+ Kf8 44. Qh8+ Ke7 45. Qxg7+ Kd8 46. Qh8+ Kd7 47. Rg4 Qc1 48. Qg7+ Kc8 49. Qc3+ Qxc3 50. bxc3 Rf8 51. Rf2 Rg8 52. g7 Rdd8 53. c4 Kc7 54. Rf7+ Rd7 55. Rxd7+ Kxd7 56. Kf3 Kd6 57. Rg6+ Ke5 58. Ke3 Kf5 59. Rg1 Ke5 60. Kd3 b5 1-0